| 000 | 02015nam a2200421 c 4500 | ||
|---|---|---|---|
| 003 | BLK | ||
| 005 | 20250327103131.0 | ||
| 008 | 180409b bul|||||r ||||||| ||bul|| | ||
| 010 | _aKNG00141420000 | ||
| 020 |
_a978-954-742-159-2 _bиздат.: Слънце |
||
| 040 | _aBLK | ||
| 041 |
_aBUL _cBUL |
||
| 072 | 7 |
_2bullib _aН15 _xПсихология Н |
|
| 080 |
_aПсихология на детската възраст. Интелектуално развитие на децата. Психически особености. Детски представи, описани в разкази _b159.922.7 _x(02.062) _z159.922.7(02.062) |
||
| 080 |
_aВъзпитание у дома. Семейно възпитание _b37.018.1 _x(02.062) _z37.018.1(02.062) |
||
| 100 | 1 |
_aБромфийлд, Ричард _eпърви автор _9324866 |
|
| 700 | 1 |
_aПетрова, Диана _eпрев. _9368666 |
|
| 139 |
_aБромфийлд, Ричард _bБ 82 |
||
| 245 | 1 | 0 |
_a[ЕсОуЕс] SOS!!! Разглезено дете! _bКак да го превъзпитаме _cРичард Бромфийлд; прев. Диана Петрова. |
| 257 | _aUSA | ||
| 260 |
_аСофия _bСлънце _c2011 _fСофия : Инвестпрес |
||
| 300 |
_a144 с. _c20 см |
||
| 380 | _a3 | ||
| 490 | 1 | _aКниги за родители | |
| 500 | _aОриг. загл. How to Unspoil Your Child Fast / Richard Bromfield. | ||
| 650 | 4 |
_aДетска и педагогическа психология _9244538 |
|
| 650 | 4 |
_aСемейно възпитание _9263959 |
|
| 653 | _aдетска психология | ||
| 653 | _aпедагогическа психология | ||
| 653 | _aсемейно възпитание | ||
| 659 | _aН | ||
| 852 | _aЦб 258989 | ||
| 856 | 4 |
_qpdf _u |
|
| 856 | 4 |
_qpdf _u |
|
| 942 |
_cKNG _n0 _013 |
||
| 944 |
_aCR _c01.04.2013 _lЦветомила Тодорова _k30576 |
||
| 944 |
_aED _c09.06.2017 _lф / _kЛюдмила_Стоянова |
||
| 999 |
_c135494 _d135494 |
||